[Event "BUL-ch"]
[Site "Bulgaria"]
[Date "1995.??.??"]
[Round "?"]
[White "Bojkov, Dejan"]
[Black "Ninov, Kiril"]
[Result "0-1"]
[WhiteElo "2265"]
[BlackElo "2435"]
[PlyCount "80"]
[EventDate "1995.??.??"]
[EventType "swiss"]
[EventRounds "13"]
[EventCountry "BUL"]
[SourceTitle "EXT 1997"]
[Source "ChessBase"]
[SourceDate "1996.11.15"]
[SourceVersion "1"]
[SourceVersionDate "1996.11.15"]
[SourceQuality "1"]

1. e4 c5 2. Nf3 e6 3. Qe2 Nc6 4. g3 d6 5. Bg2 g6 6. c3 Bg7 7. 0-0 Nge7 8. Rd1 e5 9. Na3 0-0 10. Nc2 f5 11. Qc4+ Kh8 12. Ng5 Qe8 13. d4 Na5 14. Qe2 h6 15. dxc5 hxg5 16. cxd6 Ng8 17. Bxg5 Nf6 18. Bxf6 Rxf6 19. b4 Nc6 20. b5 Nd8 21. Nb4 Rb8 22. Qe3 Bd7 23. Qxa7 Nf7 24. c4 Rxd6 25. a4 Rd4 26. Nd5 Nd6 27. exf5 Bxf5 28. c5 Ne4 29. c6 bxc6 30. bxc6 Rc8 31. c7 Qf7 32. Qb7 Nc5 33. Qc6 Nd3 34. Rf1 e4 35. Ne3 Rxc7 36. Qb6 Rb4 37. Qa6 Bxa1 38. Rxa1 Bc8 39. Qa5 Qxf2+ 40. Kh1 Qxe3 0-1

[Event "BUL-ch"]
[Site "Bulgaria"]
[Date "1995.??.??"]
[Round "?"]
[White "Ninov, Kiril"]
[Black "Bojkov, Dejan"]
[Result "1/2-1/2"]
[WhiteElo "2435"]
[BlackElo "2265"]
[PlyCount "87"]
[EventDate "1995.??.??"]
[EventType "swiss"]
[EventRounds "13"]
[EventCountry "BUL"]
[SourceTitle "EXT 1997"]
[Source "ChessBase"]
[SourceDate "1996.11.15"]
[SourceVersion "1"]
[SourceVersionDate "1996.11.15"]
[SourceQuality "1"]

1. Nf3 Nf6 2. d4 g6 3. Bg5 Bg7 4. Nbd2 c5 5. e3 b6 6. c3 Bb7 7. Bd3 0-0 8. 0-0 h6 9. Bxf6 Bxf6 10. dxc5 bxc5 11. Bxg6 Ba6 12. Bb1 Bxf1 13. Qc2 Re8 14. Nxf1 e6 15. Qh7+ Kf8 16. Ng3 d5 17. Nh5 Ke7 18. Bg6 Rf8 19. e4 dxe4 20. Nf4 exf3 21. Bxf7 Rxf7 22. Ng6+ Kd6 23. Qxf7 Kc6 24. Qxe6+ Kb7 25. Qe4+ Nc6 26. Qxf3 Bg5 27. h4 Qf6 28. Qd3 Rd8 29. Qb5+ Kc7 30. hxg5 Qxg6 31. Qxc5 Qxg5 32. Qc4 Rg8 33. g3 h5 34. b4 Qg4 35. Qf7+ Kb8 36. Re1 h4 37. Re8+ Rxe8 38. Qxe8+ Kb7 39. Qf7+ Kb6 40. a4 hxg3 41. a5+ Ka6 42. b5+ Kxb5 43. Qd5+ Ka4 44. Qxc6+ 1/2-1/2

[Event "Cappelle op 10th"]
[Site "Cappelle la Grande"]
[Date "1994.??.??"]
[Round "4"]
[White "Dubois, Jean Marie"]
[Black "Ninov, Kiril"]
[Result "1/2-1/2"]
[WhiteElo "2290"]
[BlackElo "2415"]
[PlyCount "57"]
[EventDate "1994.02.??"]
[EventType "swiss"]
[EventRounds "9"]
[EventCountry "FRA"]
[SourceTitle "TD"]
[Source "ChessBase"]
[SourceDate "1994.03.01"]
[SourceVersion "1"]
[SourceVersionDate "1994.03.01"]
[SourceQuality "1"]

1. e4 c5 2. d4 cxd4 3. c3 Nf6 4. e5 Nd5 5. Nf3 d6 6. exd6 Qxd6 7. Nxd4 a6 8. Qf3 Nc6 9. Nxc6 Qxc6 10. Nd2 e6 11. Be2 Be7 12. 0-0 0-0 13. Rd1 b5 14. c4 bxc4 15. Nxc4 Qc7 16. Bd2 Bd7 17. Rac1 Qb8 18. b3 Rc8 19. Na5 Rxc1 20. Rxc1 Bb4 21. Bxb4 Qxb4 22. Nc4 Rc8 23. Rd1 Be8 24. Bd3 h6 25. Qe4 Nf6 26. Qe5 Bc6 27. h3 Kf8 28. Qg3 Qc5 29. Qe3 1/2-1/2

[Event "Andorra op 12th"]
[Site "Andorra"]
[Date "1994.??.??"]
[Round "4"]
[White "Vehi Bach, Victor Manuel"]
[Black "Ninov, Kiril"]
[Result "1/2-1/2"]
[WhiteElo "2455"]
[BlackElo "2415"]
[PlyCount "62"]
[EventDate "1994.06.??"]
[EventType "swiss"]
[EventRounds "9"]
[EventCountry "AND"]
[SourceTitle "TD"]
[Source "ChessBase"]
[SourceDate "1994.03.01"]
[SourceVersion "1"]
[SourceVersionDate "1994.03.01"]
[SourceQuality "1"]

1. e4 e5 2. Nf3 Nc6 3. Bb5 Nf6 4. 0-0 Bc5 5. c3 0-0 6. d4 Bb6 7. Re1 d6 8. a4 a5 9. Bxc6 bxc6 10. Bg5 h6 11. Bh4 Re8 12. Nbd2 Bg4 13. dxe5 dxe5 14. Nc4 g5 15. Bg3 Nd7 16. Qd3 f6 17. b4 Qe7 18. Reb1 Red8 19. Nfd2 axb4 20. cxb4 Bd4 21. Ra3 c5 22. b5 Nb6 23. Qc2 Be6 24. Ne3 c4 25. Raa1 Bxa1 26. Rxa1 Qb4 27. Nd5 Nxd5 28. exd5 Bf7 29. Nxc4 Rxd5 30. Ne3 Rd2 31. Qf5 Qe7 1/2-1/2

[Event "Douai op"]
[Site "Douai"]
[Date "1993.??.??"]
[Round "?"]
[White "Ninov, Kiril"]
[Black "Conquest, Stuart"]
[Result "0-1"]
[WhiteElo "2395"]
[BlackElo "2495"]
[PlyCount "50"]
[EventDate "1993.??.??"]
[EventType "swiss"]
[EventRounds "9"]
[EventCountry "FRA"]
[SourceTitle "EXT 2004"]
[Source "ChessBase"]
[SourceDate "2003.11.25"]
[SourceVersion "1"]
[SourceVersionDate "2003.11.25"]
[SourceQuality "1"]

1. Nf3 d6 2. d4 Bg4 3. c4 Nd7 4. Qb3 Rb8 5. h3 Bh5 6. g3 e6 7. Bg2 Be7 8. Nc3 Ngf6 9. e4 Bg6 10. Nh4 c5 11. Be3 a6 12. 0-0 0-0 13. dxc5 Nxc5 14. Bxc5 dxc5 15. e5 Nd7 16. Nxg6 hxg6 17. Rad1 Qc7 18. f4 b5 19. Ne4 bxc4 20. Qxc4 Rxb2 21. Qxa6 c4 22. Rc1 Nb6 23. Nc3 Bc5+ 24. Kh1 Rxg2 25. Kxg2 Qc6+ 0-1

[Event "Novi Sad"]
[Site "Novi Sad"]
[Date "1992.??.??"]
[Round "4"]
[White "Kosic, Dragan"]
[Black "Ninov, Kiril"]
[Result "1/2-1/2"]
[WhiteElo "2445"]
[BlackElo "2395"]
[PlyCount "62"]
[EventDate "1992.01.??"]
[EventType "tourn"]
[EventRounds "11"]
[EventCountry "YUG"]
[EventCategory "8"]
[SourceTitle "CBM 029 Extra"]
[Source "ChessBase"]
[SourceDate "1992.09.01"]
[SourceVersion "1"]
[SourceVersionDate "1992.09.01"]
[SourceQuality "1"]

1. e3 Nf6 2. d4 g6 3. Nf3 Bg7 4. b4 b6 5. Be2 c5 6. a3 0-0 7. c4 d5 8. Nbd2 cxd4 9. Nxd4 Bb7 10. 0-0 Nc6 11. Nxc6 Bxc6 12. Bb2 Qb8 13. b5 Bb7 14. Qb3 Qd6 15. Rfd1 Rac8 16. Rac1 Qb8 17. Qb4 e6 18. c5 bxc5 19. Rxc5 Rxc5 20. Qxc5 Ng4 21. Bxg4 Bxb2 22. Qb4 Be5 23. g3 Rc8 24. Bh3 Qd6 25. Qa4 a6 26. Bf1 axb5 27. Qxb5 Qc6 28. Nf3 Bf6 29. a4 d4 30. Qxc6 Bxc6 31. Nxd4 Bxd4 1/2-1/2

[Event "Novi Sad"]
[Site "Novi Sad"]
[Date "1992.??.??"]
[Round "10"]
[White "Lazic, Miroljub"]
[Black "Ninov, Kiril"]
[Result "1-0"]
[WhiteElo "2430"]
[BlackElo "2395"]
[PlyCount "75"]
[EventDate "1992.01.??"]
[EventType "tourn"]
[EventRounds "11"]
[EventCountry "YUG"]
[EventCategory "8"]
[SourceTitle "CBM 029 Extra"]
[Source "ChessBase"]
[SourceDate "1992.09.01"]
[SourceVersion "1"]
[SourceVersionDate "1992.09.01"]
[SourceQuality "1"]

1. e4 c5 2. Nc3 Nc6 3. f4 e6 4. Nf3 a6 5. d3 d5 6. Qe2 Nf6 7. e5 Ng8 8. g3 Nh6 9. Bg2 Be7 10. 0-0 d4 11. Ne4 Bd7 12. Bd2 Qb6 13. c4 0-0 14. Rab1 Rae8 15. Bh3 Nd8 16. b4 cxb4 17. c5 Bxc5 18. Nxc5 Qxc5 19. Bxb4 Qd5 20. Bg2 Bc6 21. Nh4 Qd7 22. Bxf8 Rxf8 23. Bxc6 Nxc6 24. h3 Ne7 25. g4 Nd5 26. Qe4 Qa4 27. Rxb7 Qxa2 28. Qxd4 a5 29. g5 Qe2 30. Qf2 Qxf2+ 31. Rxf2 Nf5 32. Nxf5 exf5 33. Rb5 Nb4 34. d4 Rd8 35. d5 h6 36. g6 fxg6 37. Rd2 g5 38. d6 1-0

[Event "Bankia tt"]
[Site "Bankia"]
[Date "1992.??.??"]
[Round "4"]
[White "Ninov, Kiril"]
[Black "Popov, Petar"]
[Result "1/2-1/2"]
[WhiteElo "2395"]
[BlackElo "2350"]
[PlyCount "35"]
[EventDate "1992.??.??"]
[EventType "team-tourn"]
[EventRounds "7"]
[EventCountry "BUL"]
[SourceTitle "EXT 1997"]
[Source "ChessBase"]
[SourceDate "1996.11.15"]
[SourceVersion "1"]
[SourceVersionDate "1996.11.15"]
[SourceQuality "1"]

1. c4 e6 2. Nf3 d5 3. g3 Nf6 4. Bg2 Be7 5. d4 0-0 6. 0-0 Nbd7 7. Qc2 c6 8. Rd1 b6 9. b3 Ba6 10. Nbd2 Rc8 11. e4 c5 12. exd5 exd5 13. Qf5 g6 14. Qh3 h5 15. Bb2 cxd4 16. Bxd4 Nc5 17. Ne5 Rc7 18. Bf3 1/2-1/2

[Event "BUL-chT"]
[Site "Sofia"]
[Date "1991.??.??"]
[Round "1"]
[White "Georgiev, Kiril"]
[Black "Ninov, Kiril"]
[Result "1/2-1/2"]
[WhiteElo "2585"]
[BlackElo "2405"]
[PlyCount "26"]
[EventDate "1991.??.??"]
[EventType "team-tourn"]
[EventRounds "11"]
[EventCountry "BUL"]
[SourceTitle "EXT 1997"]
[Source "ChessBase"]
[SourceDate "1996.11.15"]
[SourceVersion "1"]
[SourceVersionDate "1996.11.15"]
[SourceQuality "1"]

1. e4 e5 2. Nf3 Nc6 3. Bb5 Nf6 4. 0-0 Bc5 5. d3 Nd4 6. Nxd4 Bxd4 7. c3 Bb6 8. Bg5 h6 9. Bh4 c6 10. Ba4 d6 11. Nd2 g5 12. Bg3 Bg4 13. Qe1 h5 1/2-1/2

[Event "BUL-chT"]
[Site "Sofia"]
[Date "1991.??.??"]
[Round "6"]
[White "Ninov, Kiril"]
[Black "Velikov, Petar"]
[Result "1/2-1/2"]
[WhiteElo "2405"]
[BlackElo "2425"]
[PlyCount "29"]
[EventDate "1991.??.??"]
[EventType "team-tourn"]
[EventRounds "11"]
[EventCountry "BUL"]
[SourceTitle "EXT 1997"]
[Source "ChessBase"]
[SourceDate "1996.11.15"]
[SourceVersion "1"]
[SourceVersionDate "1996.11.15"]
[SourceQuality "1"]

1. Nf3 Nf6 2. c4 e6 3. g3 b6 4. Bg2 Bb7 5. 0-0 Be7 6. Nc3 0-0 7. d4 Ne4 8. Nxe4 Bxe4 9. Ne1 Bxg2 10. Nxg2 d5 11. Qa4 c6 12. Bf4 Qd7 13. Rac1 Rc8 14. Rfd1 a5 15. Bxb8 1/2-1/2

[Event "BUL-chT"]
[Site "Bankia"]
[Date "1991.??.??"]
[Round "8"]
[White "Popov, Luben"]
[Black "Ninov, Kiril"]
[Result "1-0"]
[WhiteElo "2405"]
[BlackElo "2405"]
[PlyCount "107"]
[EventDate "1991.??.??"]
[EventType "team-tourn"]
[EventRounds "8"]
[EventCountry "BUL"]
[SourceTitle "EXT 1998"]
[Source "ChessBase"]
[SourceDate "1997.11.17"]
[SourceVersion "1"]
[SourceVersionDate "1997.11.17"]
[SourceQuality "1"]

1. c4 g6 2. d4 Nf6 3. Nc3 d5 4. cxd5 Nxd5 5. Nf3 Bg7 6. Bd2 Nb6 7. Bg5 h6 8. Bh4 c5 9. e3 0-0 10. dxc5 N6d7 11. Bc4 Nc6 12. Nd4 Nce5 13. Be2 Nxc5 14. 0-0 g5 15. Bg3 Bd7 16. b4 Na6 17. a3 Nc7 18. Qb3 Rc8 19. Rac1 a6 20. Rfd1 Qe8 21. a4 Ne6 22. Nf5 Rxc3 23. Rxc3 Bxa4 24. Nxg7 Nxg7 25. Qb2 Bxd1 26. Bxe5 Bxe2 27. Bxg7 Qd7 28. h4 Qd1+ 29. Kh2 Rd8 30. Rc7 Qd6+ 31. Be5 Qe6 32. Bg3 Bb5 33. Qe5 gxh4 34. Bf4 Qxe5 35. Bxe5 Rd2 36. Rxe7 Rxf2 37. Rxb7 f6 38. Bf4 Bc6 39. Rb6 Bxg2 40. Rxf6 Rb2 41. Rg6+ Kf7 42. Rxg2 Rxb4 43. Bxh6 a5 44. Rg7+ Ke6 45. Ra7 a4 46. Bg7 Kd5 47. Kh3 Rb3 48. Bd4 a3 49. Kxh4 Kc4 50. Kg4 Rd3 51. Kf5 Kb3 52. Ke4 Rd2 53. Kd5 a2 54. e4 1-0

[Event "Stara Zagora zt-A"]
[Site "Stara Zagora"]
[Date "1990.??.??"]
[Round "9"]
[White "Georgiev, Kiril"]
[Black "Ninov, Kiril"]
[Result "1-0"]
[WhiteElo "2605"]
[BlackElo "2465"]
[PlyCount "103"]
[EventDate "1990.02.??"]
[EventType "tourn"]
[EventRounds "13"]
[EventCountry "BUL"]
[EventCategory "9"]
[SourceTitle "CBM 017"]
[Source "ChessBase"]
[SourceDate "1990.08.01"]
[SourceVersion "1"]
[SourceVersionDate "1990.08.01"]
[SourceQuality "1"]

1. d4 d5 2. c4 c6 3. Nf3 Nf6 4. Nc3 dxc4 5. a4 Bf5 6. Ne5 Nbd7 7. Nxc4 Nb6 8. Ne5 e6 9. Bg5 Be7 10. e3 h6 11. Bh4 0-0 12. Bd3 Nfd7 13. Bxe7 Qxe7 14. Bxf5 exf5 15. Nd3 c5 16. 0-0 cxd4 17. exd4 Nf6 18. Re1 Qd8 19. Nc5 Nc4 20. Nxb7 Qb6 21. b3 Nb2 22. Qf3 Qxd4 23. Nb5 Qb6 24. Re2 Ne4 25. Qxf5 Qxb7 26. Rxe4 a6 27. Nd4 Rae8 28. Rg4 Qc7 29. Qf6 g6 30. h4 Qe5 31. Qxa6 h5 32. Nf3 Qc3 33. Rd4 Qxb3 34. a5 Rc8 35. Qb6 Qc3 36. Qb4 Nd3 37. Qxc3 Rxc3 38. a6 Nc1 39. a7 Ne2+ 40. Kh1 Nxd4 41. a8Q Nxf3 42. Qd5 Rfc8 43. gxf3 R3c5 44. Qe4 Rc1+ 45. Rxc1 Rxc1+ 46. Kg2 Rc5 47. Kg3 Kh7 48. Qf4 Rf5 49. Qxf5 gxf5 50. Kf4 Kg6 51. Ke5 f4 52. Ke4 1-0

[Event "Dieren op"]
[Site "Dieren"]
[Date "1990.??.??"]
[Round "7"]
[White "Hartoch, Robert G"]
[Black "Ninov, Kiril"]
[Result "1/2-1/2"]
[WhiteElo "2375"]
[BlackElo "2425"]
[PlyCount "48"]
[EventDate "1990.07.??"]
[EventType "swiss"]
[EventRounds "9"]
[EventCountry "NED"]
[SourceTitle "CBM 019 Extra"]
[Source "ChessBase"]
[SourceDate "1991.01.01"]
[SourceVersion "1"]
[SourceVersionDate "1991.01.01"]
[SourceQuality "1"]

1. Nf3 c5 2. c4 b6 3. g3 Bb7 4. Bg2 Nf6 5. 0-0 e6 6. Nc3 a6 7. b3 d6 8. Bb2 Be7 9. d4 cxd4 10. Nxd4 Qc7 11. e3 0-0 12. Rc1 Bxg2 13. Kxg2 Nbd7 14. Qe2 Rfc8 15. Rfd1 Bf8 16. f3 Qb7 17. Rd2 Rc7 18. Rcd1 Rac8 19. Nb1 d5 20. cxd5 Nxd5 21. e4 N5f6 22. Rc2 Bc5 23. Rdc1 b5 24. a3 Be7 1/2-1/2

[Event "Dieren op"]
[Site "Dieren"]
[Date "1990.??.??"]
[Round "5"]
[White "Hoeksema, Hendrik Pieter"]
[Black "Ninov, Kiril"]
[Result "1/2-1/2"]
[WhiteElo "2365"]
[BlackElo "2425"]
[PlyCount "22"]
[EventDate "1990.07.??"]
[EventType "swiss"]
[EventRounds "9"]
[EventCountry "NED"]
[SourceTitle "CBM 019 Extra"]
[Source "ChessBase"]
[SourceDate "1991.01.01"]
[SourceVersion "1"]
[SourceVersionDate "1991.01.01"]
[SourceQuality "1"]

1. e4 e5 2. Nf3 Nc6 3. Bb5 Nf6 4. 0-0 Bc5 5. d3 d6 6. c3 0-0 7. Nbd2 Bd7 8. a4 a6 9. Bc4 Ba7 10. Re1 Ne7 11. Nf1 Ng6 1/2-1/2

[Event "Stara Zagora zt-A"]
[Site "Stara Zagora"]
[Date "1990.??.??"]
[Round "11"]
[White "Ninov, Kiril"]
[Black "Blatny, Pavel"]
[Result "1-0"]
[WhiteElo "2465"]
[BlackElo "2510"]
[PlyCount "85"]
[EventDate "1990.02.??"]
[EventType "tourn"]
[EventRounds "13"]
[EventCountry "BUL"]
[EventCategory "9"]
[SourceTitle "CBM 017"]
[Source "ChessBase"]
[SourceDate "1990.08.01"]
[SourceVersion "1"]
[SourceVersionDate "1990.08.01"]
[SourceQuality "1"]

1. Nf3 d5 2. g3 c5 3. Bg2 Nc6 4. d4 Nf6 5. 0-0 e6 6. c4 dxc4 7. dxc5 Qxd1 8. Rxd1 Bxc5 9. Nbd2 Ng4 10. Ne4 Be7 11. h3 Nge5 12. Nxe5 Nxe5 13. Bf4 Nc6 14. Nd6+ Bxd6 15. Bxd6 e5 16. Rac1 Be6 17. Bxc6+ bxc6 18. Bxe5 0-0 19. g4 Rfe8 20. Bc3 Bd5 21. Rd2 Be6 22. Rcd1 f5 23. gxf5 Bxf5 24. h4 Re7 25. f3 Rae8 26. e4 Bg6 27. Rd7 Bf7 28. Kf2 Be6 29. Rxe7 Rxe7 30. Rd8+ Kf7 31. Ke3 Rd7 32. Ra8 Rd3+ 33. Kf4 Rd7 34. Rc8 Bh3 35. Rxc6 Bf1 36. Rc8 Bg2 37. Kg3 Bh1 38. Ra8 g6 39. Bb4 Rb7 40. a3 Rd7 41. Bc5 Rd2 42. Rxa7+ Ke6 43. Kf4 1-0